[Event "XXVI Festival A"]
[Site "Arco ITA"]
[Date "2014.10.06"]
[Round "3"]
[White "Thonig, Manfred"]
[Black "Sigillo, Carmelo"]
[WhiteElo "1589"]
[BlackElo "1737"]
[Result "1-0"]
[PlyCount "57"]
[EventDate "2014.10.04"]

1. f4 e5 2. fxe5 d6 3. exd6 Bxd6 4. Nf3 g5 5. g3 g4 6. Nh4 Ne7 7. d4 Ng6 8.
Nxg6 hxg6 9. Qd3 Nc6 10. c3 Bf5 11. Qe3+ Qe7 12. Qxe7+ Nxe7 13. Bg2 O-O-O 14.
e4 Bxg3+ 15. hxg3 Rxh1+ 16. Bxh1 Rh8 17. Bg2 Rh2 18. Kf1 Bd7 19. Kg1 Rh5 20.
Na3 f5 21. Nc4 Bc6 22. d5 Bb5 23. b3 fxe4 24. d6 Nd5 25. dxc7 Kxc7 26. Ba3 Bxc4
27. bxc4 Nxc3 28. Re1 Re5 29. Bb2 1-0

[Event "XXVI Festival A"]
[Site "Arco ITA"]
[Date "2014.10.06"]
[Round "3"]
[White "Trauth, Michael"]
[Black "Schneider, Johannes"]
[WhiteElo "2166"]
[BlackElo "1854"]
[Result "1-0"]
[PlyCount "73"]
[EventDate "2014.10.04"]

1. Nf3 d5 2. c4 Nf6 3. cxd5 Nxd5 4. e4 Nb6 5. d4 Bg4 6. Be2 e6 7. a4 Nc6 8. a5
Bxf3 9. gxf3 Bb4+ 10. Bd2 Bxd2+ 11. Qxd2 Nc8 12. Bb5 N8e7 13. a6 O-O 14. d5
exd5 15. exd5 Ne5 16. Ra3 bxa6 17. Bxa6 Qxd5 18. Qxd5 Nxd5 19. Nd2 Nb4 20. O-O
Nxa6 21. Rxa6 Rfd8 22. Re1 f6 23. f4 Nd3 24. Re7 Nxf4 25. Nf1 Nd5 26. Re4 Kf7
27. Ng3 g6 28. h4 Nb6 29. Re3 c5 30. Ne4 c4 31. Rf3 f5 32. Ng5+ Ke7 33. Rfa3 h6
34. Nf3 Rdb8 35. Ne5 Kf6 36. Nd7+ Ke7 37. Nxb6 1-0

[Event "XXVI Festival A"]
[Site "Arco ITA"]
[Date "2014.10.06"]
[Round "3"]
[White "Valenti, Giuseppe"]
[Black "Brioschi, Camillo"]
[WhiteElo "2101"]
[BlackElo "1782"]
[Result "1-0"]
[PlyCount "53"]
[EventDate "2014.10.04"]

1. e4 e5 2. Nf3 Nc6 3. Bb5 a6 4. Ba4 Nf6 5. d3 d6 6. c3 b5 7. Bc2 Bg4 8. h3 Bh5
9. Nbd2 Be7 10. Nf1 h6 11. Ng3 Bg6 12. Nh4 Bh7 13. Nhf5 Bxf5 14. Nxf5 Bf8 15.
O-O g6 16. Ng3 Bg7 17. f4 Qe7 18. d4 O-O-O 19. a4 Kb7 20. axb5 axb5 21. Qd3 Na7
22. d5 Qd7 23. Be3 Ra8 24. fxe5 dxe5 25. Ra5 c6 26. Rfa1 Kb8 27. Rxa7 1-0

[Event "XXVI Festival A"]
[Site "Arco ITA"]
[Date "2014.10.06"]
[Round "3"]
[White "Weiland, Guenter"]
[Black "Donadi, Luca"]
[WhiteElo "1953"]
[BlackElo "1773"]
[Result "1/2-1/2"]
[PlyCount "69"]
[EventDate "2014.10.04"]

1. Nf3 d5 2. c4 c6 3. d4 Bf5 4. Nc3 Nf6 5. g3 e6 6. Bg2 Bd6 7. O-O Nbd7 8. Nh4
Bg6 9. c5 Bc7 10. b4 e5 11. Nxg6 hxg6 12. dxe5 Bxe5 13. Qb3 O-O 14. Bb2 Re8 15.
e3 a5 16. a3 g5 17. Ne2 Qe7 18. Nd4 g6 19. Rad1 g4 20. Bc3 axb4 21. axb4 Ra7
22. Ra1 Rea8 23. Rxa7 Rxa7 24. Qb2 Qe8 25. Ra1 Qa8 26. Rxa7 Qxa7 27. f4 gxf3
28. Bxf3 Ne4 29. Bxe4 dxe4 30. Nf5 f6 31. Qb3+ Kf8 32. Nh6 Kg7 33. Qg8+ Kxh6
34. Qh8+ Kg5 35. Qh4+ 1/2-1/2

[Event "XXVI Festival A"]
[Site "Arco ITA"]
[Date "2014.10.06"]
[Round "3"]
[White "Wurm, Alexander"]
[Black "Alkhaldi, Bader"]
[WhiteElo "2111"]
[BlackElo "1932"]
[Result "1-0"]
[PlyCount "59"]
[EventDate "2014.10.04"]

1. d4 Nf6 2. c4 g6 3. Nc3 Bg7 4. e4 d6 5. f3 O-O 6. Be3 Nbd7 7. Qd2 c5 8. Nge2
a6 9. O-O-O b5 10. dxc5 dxc5 11. Bxc5 Bb7 12. Bd4 Qc7 13. Kb1 bxc4 14. Nc1 Rab8
15. Be2 Rfc8 16. g4 e5 17. Be3 Bc6 18. g5 Nh5 19. Bxc4 Bxe4+ 20. Nxe4 Qxc4 21.
Nd6 Qc6 22. Nxc8 Rxc8 23. Qxd7 Qc2+ 24. Ka1 Nf4 25. Qd2 Qc6 26. Ne2 Qxf3 27.
Nxf4 exf4 28. Bxf4 a5 29. Rhf1 Qa3 30. Qd8+ 1-0

[Event "XXVI Festival A"]
[Site "Arco ITA"]
[Date "2014.10.07"]
[Round "4"]
[White "Al Hajiri, Bader"]
[Black "Dittmar, Peter"]
[WhiteElo "2130"]
[BlackElo "2293"]
[Result "1/2-1/2"]
[PlyCount "102"]
[EventDate "2014.10.04"]

1. e4 c6 2. d4 d5 3. Nc3 dxe4 4. Nxe4 Bf5 5. Ng3 Bg6 6. h4 h6 7. Nf3 Nd7 8. h5
Bh7 9. Bd3 Bxd3 10. Qxd3 e6 11. Bf4 Qa5+ 12. Bd2 Qc7 13. O-O-O Ngf6 14. Ne4
Nxe4 15. Qxe4 Bd6 16. g3 O-O-O 17. Kb1 Kb8 18. c4 c5 19. Bc3 Nf6 20. Qe2 cxd4
21. Nxd4 a6 22. Nb3 Qc6 23. Rhe1 Bc7 24. Nd4 Qc5 25. Rh1 Rd7 26. b4 Qe7 27. Nb3
Rhd8 28. Nc5 Rxd1+ 29. Rxd1 Rxd1+ 30. Qxd1 Bd6 31. Na4 Bc7 32. a3 Ne4 33. Bxg7
Qg5 34. Bd4 Nd2+ 35. Ka2 Nxc4 36. Qd3 Nd6 37. Qf3 Qc1 38. Qc3 Qd1 39. Ba7+ Kxa7
40. Qxc7 Qxa4 41. Qc5+ Ka8 42. Qxd6 Qc2+ 43. Ka1 Qc1+ 44. Ka2 Qc4+ 45. Kb2 Qe2+
46. Kc3 Qf3+ 47. Kc4 b5+ 48. Kc5 Qxf2+ 49. Kc6 Qf3+ 50. Kb6 Qb7+ 51. Ka5 Ka7
1/2-1/2

[Event "XXVI Festival A"]
[Site "Arco ITA"]
[Date "2014.10.07"]
[Round "4"]
[White "Al Muneer, Muhammad"]
[Black "Tencheni, Maurizio"]
[WhiteElo "1451"]
[BlackElo "1740"]
[Result "0-1"]
[PlyCount "52"]
[EventDate "2014.10.04"]

1. c4 b6 2. Nc3 Bb7 3. Nf3 e6 4. e4 Nf6 5. d3 d5 6. exd5 exd5 7. cxd5 Nxd5 8.
Be2 Bb4 9. Qc2 Nc6 10. a3 Nxc3 11. bxc3 Bd6 12. O-O O-O 13. Be3 Re8 14. d4 Bf8
15. Ng5 g6 16. Bc4 Re7 17. Qa2 Qd7 18. Rfe1 Rae8 19. Bd2 Na5 20. Rxe7 Rxe7 21.
Re1 Rxe1+ 22. Bxe1 Nxc4 23. Qxc4 Bd5 24. Qa6 Qg4 25. f3 Qxg5 26. Qxa7 Qe3+ 0-1

[Event "XXVI Festival A"]
[Site "Arco ITA"]
[Date "2014.10.07"]
[Round "4"]
[White "Altea, Alessandro"]
[Black "Mombelli, Antonio"]
[WhiteElo "2063"]
[BlackElo "1832"]
[Result "1-0"]
[PlyCount "133"]
[EventDate "2014.10.04"]

1. e4 d6 2. d4 Nf6 3. Nc3 g6 4. Nf3 Bg7 5. Be2 O-O 6. O-O c6 7. a4 b6 8. h3 Bb7
9. Be3 Nbd7 10. Qd2 Qc7 11. Nh2 e5 12. d5 cxd5 13. Nxd5 Nxd5 14. exd5 Nf6 15.
c4 Ne4 16. Qd1 f5 17. Nf3 h6 18. Nd2 Nf6 19. f4 Nd7 20. Ra2 Rae8 21. Nb1 Re7
22. b4 Rfe8 23. Rc2 exf4 24. Bxf4 g5 25. Bg3 f4 26. Bf2 Nf6 27. Nc3 Qd8 28. Bd3
Nd7 29. Nb5 Ne5 30. Bf5 Kh8 31. Nxa7 Bxd5 32. Qxd5 Rxa7 33. a5 Qf6 34. Bd3 f3
35. Bxb6 Rae7 36. Bd4 Qf4 37. Qe4 Nxd3 38. Bxg7+ Kxg7 39. Qxd3 Re3 40. Qd2 g4
41. hxg4 Qxg4 42. Qf2 Qe6 43. gxf3 Qe5 44. Qh2 Qe6 45. Rg2+ Kh7 46. Qg3 Re7 47.
Qg4 Qf7 48. Rh2 R7e6 49. Rg2 Rf6 50. a6 Rf4 51. Qc8 Rxc4 52. Qb8 Re8 53. Qxd6
Qa7+ 54. Kh1 Rh4+ 55. Rh2 Rxh2+ 56. Kxh2 Qe3 57. Qd7+ Re7 58. Qf5+ Kh8 59. Rg1
Qf2+ 60. Rg2 Qh4+ 61. Qh3 Qf4+ 62. Qg3 Qf7 63. b5 Qh5+ 64. Kg1 Qc5+ 65. Kh1
Qc1+ 66. Kh2 Qc4 67. b6 1-0

[Event "XXVI Festival A"]
[Site "Arco ITA"]
[Date "2014.10.07"]
[Round "4"]
[White "Antoniacci, Riccardo"]
[Black "Iacchetti, Giovanni"]
[WhiteElo "1844"]
[BlackElo "1714"]
[Result "1-0"]
[PlyCount "81"]
[EventDate "2014.10.04"]

1. e4 d6 2. d4 Nf6 3. Nc3 g6 4. f3 Bg7 5. Be3 Nbd7 6. Qd2 c6 7. Bc4 b5 8. Bb3
Nb6 9. h4 Nc4 10. Bxc4 bxc4 11. g4 h5 12. g5 Nd7 13. Nge2 O-O 14. Ng3 e5 15. f4
c5 16. dxe5 dxe5 17. f5 Nb6 18. f6 Qxd2+ 19. Bxd2 Bh8 20. Be3 Bg4 21. Bxc5 Rfe8
22. Rh2 Nd7 23. Bd6 Nxf6 24. gxf6 Bxf6 25. Nd5 Bd8 26. Ne3 Bd7 27. Nxc4 Bb6 28.
Nxb6 axb6 29. Rd2 Bg4 30. Kf2 f5 31. c4 Rad8 32. b4 f4 33. Ne2 g5 34. hxg5 h4
35. Rh1 h3 36. Ng1 Re6 37. c5 bxc5 38. bxc5 Rg6 39. Nxh3 Bxh3 40. Rxh3 Rxg5 41.
Rb2 1-0

[Event "XXVI Festival A"]
[Site "Arco ITA"]
[Date "2014.10.07"]
[Round "4"]
[White "Badano, Giancarlo"]
[Black "Schaefer, Michael"]
[WhiteElo "1936"]
[BlackElo "2155"]
[Result "0-1"]
[PlyCount "67"]
[EventDate "2014.10.04"]

1. e4 c5 2. Nc3 Nc6 3. g3 g6 4. Bg2 Bg7 5. f4 Rb8 6. Nf3 b5 7. O-O b4 8. Nd5 e6
9. Ne3 Nge7 10. d3 d6 11. g4 f5 12. h3 O-O 13. exf5 exf5 14. g5 d5 15. Nd2 Be6
16. Kh1 Bf7 17. a4 Qd6 18. Rb1 Rfe8 19. Nb3 Nd4 20. Rf2 Nxb3 21. cxb3 Nc6 22.
Nc2 d4 23. Ne1 Na5 24. Nc2 Bxb3 25. Ra1 Re7 26. Bd2 Rbe8 27. Kh2 Re6 28. Bf3
Re3 29. Kg3 Rxd3 30. Qb1 Nc4 31. Be1 Ne3 32. Nxb4 Rd1 33. Bxd1 Nxd1 34. Bd2 0-1

[Event "XXVI Festival A"]
[Site "Arco ITA"]
[Date "2014.10.07"]
[Round "4"]
[White "Bernardi, Ruben"]
[Black "Buglisi, Massimo"]
[WhiteElo "2098"]
[BlackElo "1923"]
[Result "1-0"]
[PlyCount "100"]
[EventDate "2014.10.04"]

1. e4 d6 2. d4 Nf6 3. Nc3 g6 4. Nge2 Bg7 5. g3 O-O 6. Bg2 Nbd7 7. h3 c5 8. Be3
Rb8 9. a4 b6 10. O-O a6 11. f4 cxd4 12. Bxd4 Bb7 13. g4 e5 14. fxe5 dxe5 15.
Be3 Nc5 16. Bxc5 bxc5 17. Qxd8 Rfxd8 18. Rfd1 c4 19. g5 Nh5 20. Rxd8+ Rxd8 21.
Nd5 Bxd5 22. exd5 f5 23. gxf6 Nxf6 24. Nc3 Bf8 25. Bf1 Rc8 26. Kg2 Kg7 27. Re1
Bd6 28. Ne4 Nxe4 29. Rxe4 Rb8 30. Rxc4 Rxb2 31. Rc6 Ba3 32. Bxa6 Rb4 33. Bb5
Rd4 34. c4 Bb4 35. Re6 e4 36. Kf2 Bc5 37. Ke2 h6 38. a5 g5 39. a6 h5 40. a7
Bxa7 41. Re7+ Kf6 42. Rxa7 Rd3 43. Bd7 Ke5 44. Be6 Kd4 45. Ra1 Re3+ 46. Kf2 Rc3
47. Rd1+ Kxc4 48. d6+ Kc5 49. d7 Rf3+ 50. Ke2 Rf8 1-0

[Event "XXVI Festival A"]
[Site "Arco ITA"]
[Date "2014.10.07"]
[Round "4"]
[White "Bisignano, Giuseppe"]
[Black "Oppici, Gabriele"]
[WhiteElo "1837"]
[BlackElo "1987"]
[Result "1-0"]
[PlyCount "83"]
[EventDate "2014.10.04"]

1. e4 d6 2. d4 Nf6 3. Bd3 e5 4. Nf3 Bg4 5. Be3 Nbd7 6. Nc3 Be7 7. h3 Bh5 8. g4
Bg6 9. Qe2 c6 10. dxe5 dxe5 11. O-O-O Qc7 12. g5 Nh5 13. Bc4 O-O-O 14. Nh4 Rhf8
15. Nxg6 hxg6 16. Qg4 Kb8 17. Bxf7 Bb4 18. Bxg6 Bxc3 19. bxc3 Nf4 20. Bf5 Nb6
21. Bxf4 exf4 22. Rxd8+ Rxd8 23. Rd1 Rxd1+ 24. Qxd1 a6 25. g6 Na4 26. Qd4 b5
27. e5 Qa5 28. Qd6+ Kb7 29. Qe7+ Kb8 30. Qf8+ Ka7 31. Qb4 Qc7 32. Qd6 Qa5 33.
Bc8 Qb6 34. Qd4 c5 35. Qd6 Nxc3 36. Qe7+ Kb8 37. Qxg7 Kxc8 38. Qf8+ Kb7 39.
Qe7+ Ka8 40. g7 Qg6 41. Qf8+ Kb7 42. g8=Q 1-0

[Event "XXVI Festival A"]
[Site "Arco ITA"]
[Date "2014.10.07"]
[Round "4"]
[White "Bottesi, Gianluca"]
[Black "Mulone, Gaspare"]
[WhiteElo "1692"]
[BlackElo "1554"]
[Result "1-0"]
[PlyCount "28"]
[EventDate "2014.10.04"]

1. d4 g6 2. Nf3 d6 3. c4 Bg4 4. e3 Bg7 5. Nc3 Nf6 6. Be2 O-O 7. O-O c6 8. h3
Bxf3 9. Bxf3 e6 10. Qb3 Qc7 11. Bd2 d5 12. cxd5 exd5 13. Rac1 a6 14. Nxd5 Qd7
1-0

[Event "XXVI Festival A"]
[Site "Arco ITA"]
[Date "2014.10.07"]
[Round "4"]
[White "Brioschi, Camillo"]
[Black "Casagrande, Fabio"]
[WhiteElo "1782"]
[BlackElo "1959"]
[Result "1/2-1/2"]
[PlyCount "63"]
[EventDate "2014.10.04"]

1. d4 Nf6 2. c4 e6 3. Nc3 Bb4 4. e3 b6 5. Nge2 Ba6 6. Ng3 Bxc3+ 7. bxc3 d5 8.
Qf3 Nbd7 9. cxd5 Bxf1 10. dxe6 Bc4 11. exd7+ Kxd7 12. e4 Qe7 13. a4 Rae8 14.
Bg5 Qe6 15. Bxf6 gxf6 16. Kd2 Qd6 17. Rhe1 Rhg8 18. Qf5+ Kd8 19. e5 fxe5 20.
Rxe5 Qh6+ 21. Kc2 f6 22. Re4 Bf7 23. Qf4 Qg6 24. Kd2 Rxe4 25. Nxe4 f5 26. Ng3
Qe6 27. Qxf5 Qxf5 28. Nxf5 Rxg2 29. Ke3 Rxh2 30. a5 Rh5 31. axb6 axb6 32. Ng3
1/2-1/2

[Event "XXVI Festival A"]
[Site "Arco ITA"]
[Date "2014.10.07"]
[Round "4"]
[White "Cardili, Mariano"]
[Black "Niccoli, Paolo"]
[WhiteElo "2097"]
[BlackElo "1860"]
[Result "1-0"]
[PlyCount "47"]
[EventDate "2014.10.04"]

1. d4 Nf6 2. c4 c5 3. d5 b5 4. cxb5 g6 5. Nc3 a6 6. bxa6 Bxa6 7. Nf3 d6 8. e4
Bxf1 9. Kxf1 Bg7 10. h3 O-O 11. Kg1 Nbd7 12. Kh2 Qa5 13. Re1 Rfb8 14. Re2 Ne8
15. Bf4 Bxc3 16. bxc3 Qxc3 17. Rc1 Qa3 18. Rcc2 f6 19. Re3 Qa4 20. Qc1 Nc7 21.
Bg3 Nb5 22. Rb3 Nd4 23. Nxd4 Qxd4 24. Rc4 1-0

[Event "XXVI Festival A"]
[Site "Arco ITA"]
[Date "2014.10.07"]
[Round "4"]
[White "Caruso, Augusto"]
[Black "Taufer, Livio"]
[WhiteElo "2264"]
[BlackElo "1709"]
[Result "1-0"]
[PlyCount "31"]
[EventDate "2014.10.04"]

1. f4 Nf6 2. Nf3 g6 3. d3 d6 4. e4 Bg7 5. Be2 O-O 6. O-O Nbd7 7. Qe1 Nc5 8. Qh4
Bg4 9. Nbd2 e5 10. h3 Bxf3 11. Nxf3 h6 12. fxe5 g5 13. Nxg5 Nh7 14. Nf3 Qxh4
15. Nxh4 dxe5 16. Nf5 1-0

[Event "XXVI Festival A"]
[Site "Arco ITA"]
[Date "2014.10.07"]
[Round "4"]
[White "De Eccher, Stefano"]
[Black "Wurm, Alexander"]
[WhiteElo "2237"]
[BlackElo "2111"]
[Result "1-0"]
[PlyCount "83"]
[EventDate "2014.10.04"]

1. e4 e6 2. d4 d5 3. Nc3 Nf6 4. e5 Nfd7 5. Nf3 c5 6. dxc5 Nc6 7. Bf4 Bxc5 8.
Bd3 f6 9. exf6 Nxf6 10. Qe2 O-O 11. O-O-O Nb4 12. Kb1 Nxd3 13. Rxd3 a5 14. Be5
Ra6 15. Bd4 Bxd4 16. Rxd4 Bd7 17. Ne5 Be8 18. Re1 Qb8 19. a4 Ne4 20. Rxe4 dxe4
21. Ng4 Qf4 22. Qxe4 Qxe4 23. Nxe4 Bxa4 24. f3 Rf5 25. Ne3 Rh5 26. g4 Rxh2 27.
Nc5 Bxc2+ 28. Nxc2 Rc6 29. Nd4 Rxc5 30. Rxe6 Rd5 31. Nf5 Rb5 32. Re8+ Kf7 33.
Nd6+ Kg6 34. Nxb5 Rd2 35. Re6+ Kg5 36. Re7 Kf4 37. Rf7+ Kg3 38. Rxb7 g5 39. Rf7
Rd3 40. Nc3 Rxf3 41. Ne4+ Kxg4 42. Rxf3 1-0

[Event "XXVI Festival A"]
[Site "Arco ITA"]
[Date "2014.10.07"]
[Round "4"]
[White "De Simone Sorrentino, Fabio"]
[Black "Kopischke, Maik"]
[WhiteElo "1630"]
[BlackElo "1843"]
[Result "0-1"]
[PlyCount "80"]
[EventDate "2014.10.04"]

1. e4 g6 2. d4 d6 3. Nc3 Bg7 4. f4 Nf6 5. Nf3 c5 6. Bb5+ Bd7 7. dxc5 Bxb5 8.
Nxb5 Qa5+ 9. Nc3 Nxe4 10. Bd2 Nxc3 11. bxc3 Qxc5 12. Rb1 b6 13. Rb3 Nc6 14. Qe2
Na5 15. Rb5 Qc6 16. Qd3 Qc4 17. Qxc4 Nxc4 18. Rb3 Rc8 19. Ke2 O-O 20. Kd3 Rc7
21. Nd4 Nxd2 22. Kxd2 Bxd4 23. cxd4 Rfc8 24. c3 d5 25. Re1 e6 26. g4 Kg7 27.
Re3 Rc4 28. Ra3 R8c7 29. h4 Rb7 30. Re1 Kf6 31. Re5 Rbc7 32. h5 b5 33. hxg6
hxg6 34. g5+ Kg7 35. Re3 b4 36. Rb3 bxc3+ 37. Rexc3 Rxd4+ 38. Ke3 Re4+ 39. Kd3
Rxc3+ 40. Rxc3 Rxf4 0-1

[Event "XXVI Festival A"]
[Site "Arco ITA"]
[Date "2014.10.07"]
[Round "4"]
[White "Del Nevo, Claudio"]
[Black "Catalfamo, Santo"]
[WhiteElo "1832"]
[BlackElo "1696"]
[Result "1-0"]
[PlyCount "81"]
[EventDate "2014.10.04"]

1. d4 Nf6 2. Nf3 g6 3. Bg5 Bg7 4. Bxf6 Bxf6 5. e3 d5 6. c3 Bf5 7. h3 O-O 8. g4
Bd7 9. Bd3 Nc6 10. Qc2 e5 11. dxe5 Nxe5 12. Nxe5 Bxe5 13. Nd2 Re8 14. O-O-O c5
15. Nf3 Qa5 16. Nxe5 Rxe5 17. Kb1 c4 18. Bxc4 dxc4 19. Rxd7 b5 20. Rhd1 Rb8 21.
a3 Re6 22. R7d6 Rxd6 23. Rxd6 Qc7 24. Qd2 a5 25. Qd5 Qe7 26. Rd7 Qe8 27. e4 b4
28. axb4 axb4 29. cxb4 Kf8 30. Qd6+ Kg8 31. e5 Qf8 32. Qf6 Re8 33. Kc2 Re6 34.
Rd8 Re8 35. Rd6 Qh6 36. h4 Qf8 37. Kc3 Re7 38. f4 Qe8 39. h5 gxh5 40. gxh5 Qf8
41. h6 1-0

[Event "XXVI Festival A"]
[Site "Arco ITA"]
[Date "2014.10.07"]
[Round "4"]
[White "Donadi, Luca"]
[Black "De Nisi, Roberta"]
[WhiteElo "1773"]
[BlackElo "1942"]
[Result "1-0"]
[PlyCount "39"]
[EventDate "2014.10.04"]

1. e4 e6 2. d4 d5 3. Nd2 Nf6 4. e5 Nfd7 5. Bd3 c5 6. c3 Nc6 7. Ne2 Qb6 8. Nf3
cxd4 9. cxd4 Be7 10. O-O O-O 11. Re1 f6 12. Nf4 Nb4 13. exf6 Nxf6 14. Ng5 e5
15. dxe5 Ng4 16. Bxh7+ Kh8 17. Ng6+ Qxg6 18. Bxg6 Rxf2 19. Be3 Rxb2 20. h3 1-0

[Event "XXVI Festival A"]
[Site "Arco ITA"]
[Date "2014.10.07"]
[Round "4"]
[White "Drasko, Milan"]
[Black "Medancic, Rikard"]
[WhiteElo "2434"]
[BlackElo "2202"]
[Result "1-0"]
[PlyCount "103"]
[EventDate "2014.10.04"]

1. Nf3 d5 2. g3 Bf5 3. Bg2 Nc6 4. d4 Qd7 5. c4 e6 6. O-O Nf6 7. cxd5 exd5 8.
Nc3 Ne4 9. Bf4 f6 10. Nb5 Nd6 11. Bxd6 Bxd6 12. Qb3 Be7 13. Qxd5 O-O-O 14.
Qxd7+ Rxd7 15. Rfd1 g5 16. d5 Rhd8 17. Nc3 Ne5 18. Nd4 Bg4 19. h3 Bh5 20. Be4
Bg6 21. Bf5 Bxf5 22. Nxf5 Bb4 23. Rac1 Kb8 24. e4 a6 25. Kg2 h5 26. Ne2 c6 27.
Ned4 cxd5 28. Ne6 Rg8 29. exd5 Bd6 30. Rc3 Nf7 31. Rc2 Ne5 32. Rd4 Nf7 33. Kf1
Rc8 34. Rxc8+ Kxc8 35. f4 Kb8 36. h4 gxh4 37. gxh4 Bc7 38. Nfg7 Nd6 39. Nxh5
Nf5 40. Rd3 Nxh4 41. Nxf6 Rf7 42. Nh5 Bd6 43. Ke2 Rh7 44. Nf6 Rh6 45. Nd7+ Ka7
46. Rh3 Be7 47. Ne5 Kb6 48. Nf3 Nf5 49. Rxh6 Nxh6 50. Ne5 Kb5 51. Kd3 Nf5 52.
Nd4+ 1-0

[Event "XXVI Festival A"]
[Site "Arco ITA"]
[Date "2014.10.07"]
[Round "4"]
[White "Favre, Bruno"]
[Black "Liekens, Ronny"]
[WhiteElo "1904"]
[BlackElo "1790"]
[Result "1/2-1/2"]
[PlyCount "92"]
[EventDate "2014.10.04"]

1. d4 d5 2. Nf3 Nf6 3. e3 Bf5 4. Bd3 Bxd3 5. Qxd3 c6 6. Nbd2 e6 7. O-O Nbd7 8.
e4 dxe4 9. Nxe4 Nxe4 10. Qxe4 Nf6 11. Qe2 Be7 12. Bg5 O-O 13. Rad1 Re8 14. Rfe1
Qa5 15. a3 Rad8 16. c4 h6 17. Bd2 Qh5 18. Bb4 Bd6 19. Ne5 Qxe2 20. Rxe2 Kf8 21.
Kf1 Kg8 22. Bxd6 Rxd6 23. Red2 Red8 24. Ke2 Nd7 25. c5 Rd5 26. Nc4 Nf6 27. f3
Ne8 28. b4 R8d7 29. a4 Re7 30. f4 f6 31. g4 g5 32. Ne3 Rdd7 33. Kf3 gxf4 34.
Kxf4 Nc7 35. h3 Nd5+ 36. Nxd5 Rxd5 37. Ke4 Rg7 38. Kf4 h5 39. Rd3 hxg4 40. hxg4
Kf7 41. R1d2 Rdg5 42. Rg2 f5 43. Rdg3 Kf6 44. Rg1 a6 45. R1g2 Rd7 46. Rd2 Rdg7
1/2-1/2

[Event "XXVI Festival A"]
[Site "Arco ITA"]
[Date "2014.10.07"]
[Round "4"]
[White "Gardini, Enrico"]
[Black "Roversi, Stefano"]
[WhiteElo "1850"]
[BlackElo "1716"]
[Result "1-0"]
[PlyCount "86"]
[EventDate "2014.10.04"]

1. e4 c5 2. Nf3 a6 3. a4 Nc6 4. Bc4 e6 5. Nc3 Nf6 6. O-O Qc7 7. d3 Be7 8. Ne2
d5 9. exd5 exd5 10. Ba2 O-O 11. Bf4 Bd6 12. Bxd6 Qxd6 13. Ng3 Re8 14. c3 Bg4
15. h3 Bd7 16. Qd2 Re7 17. Rae1 Rae8 18. Rxe7 Rxe7 19. Qg5 Ne5 20. Nh4 h6 21.
Nhf5 Bxf5 22. Qxg7+ Kxg7 23. Nxf5+ Kf8 24. Nxd6 Nxd3 25. b3 Nf4 26. Nf5 Ne2+
27. Kh2 Re6 28. c4 d4 29. Bb1 h5 30. Bd3 Nc3 31. Kg3 Nd7 32. f4 Rb6 33. Re1 Re6
34. Rxe6 fxe6 35. Nd6 Na2 36. Nxb7 Nb4 37. Bg6 d3 38. Bxh5 d2 39. Kf2 Nd3+ 40.
Ke3 Ne1 41. g3 Nf6 42. Kxd2 Nxh5 43. Kxe1 Nxg3 1-0

[Event "XXVI Festival A"]
[Site "Arco ITA"]
[Date "2014.10.07"]
[Round "4"]
[White "Giancotti, Eraldo"]
[Black "Morselli, Stefano"]
[WhiteElo "2086"]
[BlackElo "1904"]
[Result "1-0"]
[PlyCount "91"]
[EventDate "2014.10.04"]

1. Nf3 g6 2. d4 Nf6 3. Nc3 Bg7 4. e4 d6 5. Be3 O-O 6. Qd2 Ng4 7. Bg5 h6 8. Bh4
c6 9. a4 a5 10. Bc4 Na6 11. O-O Nc7 12. Rfe1 Be6 13. d5 Bd7 14. Bb3 c5 15. h3
Nf6 16. e5 dxe5 17. Nxe5 g5 18. Bg3 Bf5 19. Rad1 Ra6 20. Qe3 Rd6 21. Qxc5 Na6
22. Qc4 Nb4 23. Nb5 Rxd5 24. c3 Nd3 25. Nxd3 Bxd3 26. Qc7 Bxb5 27. Bxd5 Qxc7
28. Bxc7 Nxd5 29. Rxd5 Bc6 30. Rxa5 Rc8 31. Be5 f6 32. Bd4 e5 33. Bc5 Rd8 34.
b4 Rd3 35. b5 Bd5 36. Bb4 f5 37. Ra8+ Kf7 38. Rc8 e4 39. c4 Be6 40. Rc7+ Kg6
41. Rxb7 Bxc4 42. Rc1 Bd4 43. Rxc4 Rd1+ 44. Kh2 Bxf2 45. g4 Kf6 46. Bc3+ 1-0

[Event "XXVI Festival A"]
[Site "Arco ITA"]
[Date "2014.10.07"]
[Round "4"]
[White "Goli, Daniele"]
[Black "Roessner, Uwe"]
[WhiteElo "1973"]
[BlackElo "1866"]
[Result "1-0"]
[PlyCount "95"]
[EventDate "2014.10.04"]

1. d4 d6 2. Nc3 Nf6 3. e4 e5 4. dxe5 dxe5 5. Qxd8+ Kxd8 6. Bg5 Be6 7. Nf3 Bd6
8. O-O-O Nbd7 9. Bh4 h6 10. Bb5 g5 11. Bg3 Ke7 12. Bxd7 Nxd7 13. Nd5+ Bxd5 14.
Rxd5 f6 15. Ne1 a5 16. f3 c6 17. Rd1 b5 18. Bf2 b4 19. h4 a4 20. hxg5 hxg5 21.
Rxh8 Rxh8 22. Nd3 Rh2 23. Rg1 Nf8 24. Kd2 Ne6 25. Bg3 Rh8 26. c3 c5 27. Bf2 Rh2
28. Ke2 Kd7 29. Bg3 Rh8 30. Re1 Kc6 31. Nf2 Kd7 32. Ng4 Be7 33. Kd3 Kc6 34. Kc4
Nc7 35. Rd1 Nb5 36. Ne3 Nd6+ 37. Kd3 Nb5 38. Nd5 Bd8 39. cxb4 cxb4 40. Nxb4+
Kc5 41. Nd5 Nd6 42. Rc1+ Kb5 43. Rc2 Rh1 44. Bf2 Nb7 45. Be3 Rh7 46. Rc8 Rf7
47. Nc3+ Kb4 48. Rc4+ 1-0

[Event "XXVI Festival A"]
[Site "Arco ITA"]
[Date "2014.10.07"]
[Round "4"]
[White "Guido, Flavio"]
[Black "Naumkin, Igor"]
[WhiteElo "2356"]
[BlackElo "2442"]
[Result "1-0"]
[PlyCount "99"]
[EventDate "2014.10.04"]

1. e4 e5 2. Nf3 Nc6 3. Bc4 Bc5 4. d3 Nf6 5. h3 d6 6. c3 a6 7. Bb3 Ba7 8. Nbd2
O-O 9. Nf1 d5 10. Qe2 d4 11. Ng3 Qd6 12. O-O Be6 13. Bxe6 fxe6 14. c4 b5 15.
cxb5 axb5 16. Bd2 Bb6 17. Rfc1 Ne7 18. Qd1 Ng6 19. Qb3 Qd7 20. Bb4 Rfe8 21. Rc2
h6 22. Rac1 Rab8 23. Rc6 Kh7 24. Bd2 Ng8 25. h4 Rf8 26. h5 N6e7 27. Nxe5 Qc8
28. Rxe6 c5 29. Ng6 Nxg6 30. hxg6+ Kh8 31. Qd5 Nf6 32. Qc6 Qxc6 33. Rxc6 Ng4
34. f4 c4 35. dxc4 bxc4 36. R1xc4 d3+ 37. Kh1 Nf2+ 38. Kh2 Ng4+ 39. Kh3 Nf2+
40. Kh2 Ng4+ 41. Kh3 Nf2+ 42. Kh4 Bd8+ 43. Kh5 Rxb2 44. Rc8 Kg8 45. Rb4 Rxd2
46. Rbb8 Ng4 47. Rxd8 Nf6+ 48. Kh4 Nd7 49. Rxf8+ Nxf8 50. Nf5 1-0

[Event "XXVI Festival A"]
[Site "Arco ITA"]
[Date "2014.10.07"]
[Round "4"]
[White "Hilbenz, Guntram"]
[Black "Ager, Josef"]
[WhiteElo "1951"]
[BlackElo "2125"]
[Result "1/2-1/2"]
[PlyCount "62"]
[EventDate "2014.10.04"]

1. c4 g6 2. g3 Bg7 3. Bg2 d6 4. Nc3 Nc6 5. Nf3 Bd7 6. d3 Qc8 7. O-O Nd8 8. Qc2
c6 9. Rb1 f5 10. b4 Nf6 11. a4 O-O 12. a5 Rb8 13. Be3 b6 14. axb6 axb6 15. b5
c5 16. Nd5 Nxd5 17. cxd5 Ra8 18. Nd2 Nf7 19. Nc4 Qc7 20. Bd2 Ne5 21. Bc3 Ra7
22. f4 Nxc4 23. dxc4 Bxc3 24. Qxc3 Ra2 25. Ra1 Rfa8 26. Rxa2 Rxa2 27. Ra1 Qa7
28. Rxa2 Qxa2 29. Bf3 Qb1+ 30. Kf2 Qa2 31. h4 h5 1/2-1/2

[Event "XXVI Festival A"]
[Site "Arco ITA"]
[Date "2014.10.07"]
[Round "4"]
[White "Huemmer, Bernd"]
[Black "Occari, Maurizio"]
[WhiteElo "2185"]
[BlackElo "2036"]
[Result "0-1"]
[PlyCount "110"]
[EventDate "2014.10.04"]

1. d4 Nf6 2. c3 g6 3. Nf3 b6 4. Bf4 Bg7 5. Nbd2 Bb7 6. e3 O-O 7. Bd3 d6 8. O-O
Nbd7 9. e4 e5 10. Bg5 exd4 11. cxd4 h6 12. Bh4 g5 13. Bg3 Nh5 14. Re1 Re8 15.
Rc1 Rc8 16. Bb1 Nxg3 17. hxg3 Qf6 18. Qa4 c6 19. Qxa7 Rc7 20. e5 dxe5 21. Nxe5
Ra8 22. Nxd7 Rxa7 23. Nxf6+ Bxf6 24. Nf3 Ra4 25. b3 Rb4 26. Rc4 Rb5 27. Be4 Ra5
28. d5 c5 29. d6 Rd7 30. Bxb7 Rxb7 31. a4 Ra8 32. Rd1 Rd7 33. Rc2 Rad8 34. Rcd2
Bc3 35. Rd5 f6 36. R1d3 Bb4 37. Nh2 Kf7 38. Ng4 Ke6 39. Nxh6 Rxd6 40. Rxd6+
Rxd6 41. Rxd6+ Kxd6 42. Nf5+ Ke5 43. g4 Ke4 44. Kf1 Kd3 45. Ne3 Kc3 46. Ke2
Kxb3 47. Kd3 Kxa4 48. Nd5 b5 49. Kc2 Be1 50. f4 b4 51. Nxf6 c4 52. Ne4 b3+ 53.
Kb1 c3 54. fxg5 c2+ 55. Kb2 Bb4 0-1